000 00451cam a22001337a 4500
008 180718b1979 xxu||||| |||| 00| 0 eng d
082 _aT4203x54 In2ri
100 _aBanking Laws Committee
245 _aReport on Indigenous Negotiable Instruments (Hundis)
_cby Banking Laws Committee, India
260 _aDelhi
_bThe Controller of Publications
_c1979
300 _a147+p.
500 _aChairman: P.V. Rajamannar
700 _aRajamannar, P.V. (Chairman)
999 _c489871
_d489871